| 000 | 01589cam a22004574i 4500 | ||
|---|---|---|---|
| 003 | PE-LiUPU | ||
| 005 | 20250731173524.0 | ||
| 008 | 150616s r 000 0 d | ||
| 020 | _a0801025117 | ||
| 035 | _a(Sirsi) i9780801025112 | ||
| 040 |
_aPE-LiUPU _bspa _cPE-LiUPU _erda |
||
| 049 | _aPRUA | ||
| 082 | 0 | 4 |
_a222.4 _bC87 _221 |
| 100 | 1 |
_aWilliam Day, Crockett, _eautor. |
|
| 245 | 1 | 2 |
_aA Harmony of Samuel, Kings and Chronicles / _cCrockett William Day. |
| 264 | 1 |
_aMichigan : _bBaker Book House, _c1992. |
|
| 300 |
_a365 páginas ; _c21 centímetros |
||
| 336 |
_atext _2rdacontent |
||
| 337 |
_aunmediated _2rdamedia |
||
| 338 |
_avolume _2rdacarrier |
||
| 505 | 0 | _aThe books of the Kings of Judath and Israel.- Analytical outline of the books of Samuel, Kings, and Chronicles.- Text of the Harmony. | |
| 526 | _aSEG42 | ||
| 526 | _aSEG41 | ||
| 526 | _aSEG40 | ||
| 526 | _aSEG39 | ||
| 526 | _aP94 | ||
| 526 | _aP87 | ||
| 526 | _aP86 | ||
| 526 | _aP85 | ||
| 526 | _aP77 | ||
| 526 | _aP76 | ||
| 526 | _aP35 | ||
| 630 |
_aBiblia. _pA.T. _pSamuel , Reyes, Crónicas _xArmonias. |
||
| 910 |
_ajck _bjvq _cjck |
||
| 942 |
_2ddc _cBOOK |
||
| 949 |
_a222.4 C87 _wDEWEY _c1 _i42159 _lCCODEBUL1 _mBUL _r0 _sY _tBOOK _u2015-6-16 _xTEOLOGIA _zUNKNOWN _0COMPRA _o.STAFF. Colección General |
||
| 994 |
_aC0 _bPEPRU |
||
| 596 | _a1 | ||
| 999 |
_a222.4 C87 _wDEWEY _c59850 _i42159 _f2021-11-11 _g5 _lCCODEBUL1 _mBUL _r0 _sY _tBOOK _u2015-6-16 _xTEOLOGIA _zUNKNOWN _0COMPRA _o.STAFF. Colección General _d59850 |
||
| 980 |
_81 _gALBERTO SANCHEZ Responsable de Automatización |
||